| 000 -LEADER |
| fixed length control field |
01485nam a2200301 a 4500 |
| 001 - CONTROL NUMBER |
| control field |
ASIN1780670990 |
| 003 - CONTROL NUMBER IDENTIFIER |
| control field |
OSt |
| 005 - DATE AND TIME OF LATEST TRANSACTION |
| control field |
20180116192424.0 |
| 008 - FIXED-LENGTH DATA ELEMENTS--GENERAL INFORMATION |
| fixed length control field |
140828s2013 xxu eng d |
| 020 ## - INTERNATIONAL STANDARD BOOK NUMBER |
| International Standard Book Number |
1780670990 (paperback) |
| Terms of availability |
$30.00 |
| 020 ## - INTERNATIONAL STANDARD BOOK NUMBER |
| International Standard Book Number |
9781780670997 (paperback) |
| 040 ## - CATALOGING SOURCE |
| Transcribing agency |
sada |
| 050 04 - LIBRARY OF CONGRESS CALL NUMBER |
| Classification number |
NK2110 |
| 082 04 - DEWEY DECIMAL CLASSIFICATION NUMBER |
| Classification number |
749.0905 |
| 100 1# - MAIN ENTRY--PERSONAL NAME |
| Personal name |
Hudson, Jennifer. |
| 9 (RLIN) |
7740 |
| 245 14 - TITLE STATEMENT |
| Title |
The design book : |
| Remainder of title |
1,000 new designs for the home and where to find them / |
| Statement of responsibility, etc. |
Jennifer Hudson. |
| 260 ## - PUBLICATION, DISTRIBUTION, ETC. |
| Place of publication, distribution, etc. |
[S.l.] : |
| Name of publisher, distributor, etc. |
Laurence King Publishing, |
| Date of publication, distribution, etc. |
2013. |
| 300 ## - PHYSICAL DESCRIPTION |
| Extent |
320 p. ; |
| Dimensions |
25 cm. |
| 520 ## - SUMMARY, ETC. |
| Summary, etc. |
The Design Book brings together the best in contemporary design for the home, presenting a huge range of striking new products: tables and chairs, sofas and beds, storage, kitchens and bathrooms, tableware, textiles and surfaces, lighting, electronics, and more. In-depth interviews with twelve key designers explore pivotal projects and approaches to design Web addresses of designers and manufacturers are given for every object, along with full captions and color illustrations, making every design easy to source. |
| 650 #0 - SUBJECT ADDED ENTRY--TOPICAL TERM |
| Topical term or geographic name entry element |
Furniture design |
| 9 (RLIN) |
7741 |
| 650 #0 - SUBJECT ADDED ENTRY--TOPICAL TERM |
| Topical term or geographic name entry element |
Furniture designers |
| 9 (RLIN) |
7742 |
| 650 #0 - SUBJECT ADDED ENTRY--TOPICAL TERM |
| Topical term or geographic name entry element |
Industrial design |
| 9 (RLIN) |
7743 |
| 650 #0 - SUBJECT ADDED ENTRY--TOPICAL TERM |
| Topical term or geographic name entry element |
Interior decoration accessories |
| 9 (RLIN) |
7744 |
| 650 #0 - SUBJECT ADDED ENTRY--TOPICAL TERM |
| Topical term or geographic name entry element |
Interior decorators |
| 9 (RLIN) |
7745 |
| 650 #0 - SUBJECT ADDED ENTRY--TOPICAL TERM |
| Topical term or geographic name entry element |
Product design |
| 9 (RLIN) |
7746 |
| 856 40 - ELECTRONIC LOCATION AND ACCESS |
| Materials specified |
Amazon.com |
| Uniform Resource Identifier |
<a href="http://www.amazon.com/exec/obidos/ASIN/1780670990/chopaconline-20">http://www.amazon.com/exec/obidos/ASIN/1780670990/chopaconline-20</a> |
| 942 ## - ADDED ENTRY ELEMENTS (KOHA) |
| Source of classification or shelving scheme |
|
| Koha item type |
Book |